আলবার্ট আইনস্টাইন:নির্বাচিত বিজ্ঞান ও দর্শন বিষয়ক রচনা এবং উদ্ধৃতি : (Record no. 904)

MARC details
000 -LEADER
fixed length control field 03494nam a22002297a 4500
003 - CONTROL NUMBER IDENTIFIER
control field BD-DhCDI
005 - DATE AND TIME OF LATEST TRANSACTION
control field 20251112050224.0
008 - FIXED-LENGTH DATA ELEMENTS--GENERAL INFORMATION
fixed length control field 251112b bg ||||| |||| 00| 0 ben d
020 ## - INTERNATIONAL STANDARD BOOK NUMBER
International Standard Book Number 9789849886662
Qualifying information paper back
040 ## - CATALOGING SOURCE
Original cataloging agency BD-DhCDI
Language of cataloging BD-DhCDI
Transcribing agency BD-DhCDI
082 ## - DEWEY DECIMAL CLASSIFICATION NUMBER
Edition number 23
Classification number 530.092
Item number EIA 2024
100 ## - MAIN ENTRY--PERSONAL NAME
Personal name আইনস্টাইন, আলবার্ট
Relator term লেখক
9 (RLIN) 1652
245 ## - TITLE STATEMENT
Title আলবার্ট আইনস্টাইন:নির্বাচিত বিজ্ঞান ও দর্শন বিষয়ক রচনা এবং উদ্ধৃতি :
Statement of responsibility, etc. আলবার্ট আইনস্টাইন
246 ## - VARYING FORM OF TITLE
Title proper/short title Albert Einstein
260 ## - PUBLICATION, DISTRIBUTION, ETC.
Place of publication, distribution, etc. Bangladesh;
Name of publisher, distributor, etc. Pathok Somabesh,
Date of publication, distribution, etc. 2024.
300 ## - PHYSICAL DESCRIPTION
Extent 342 p.:
Dimensions 22 cm.
520 ## - SUMMARY, ETC.
Summary, etc. আলবার্ট আইনস্টাইন ছিলেন এমন এক অসাধারণ ব্যক্তি, যিনি দেবতুল্য প্রজ্ঞা ও মানবিক চিন্তায় বিশ্বকে দেখেছিলেন। তিনি ব্রহ্মাণ্ডের সৃষ্টি ও একীভূত সূত্র উদ্ঘাটনের চেষ্টা করেছিলেন। তাঁর বিশেষ ও সাধারণ আপেক্ষিকতা তত্ত্ব (Special & General Theory of Relativity) পদার্থবিজ্ঞানের ধারণাকে নতুনভাবে প্রতিষ্ঠা করে—মহাকর্ষ, আলো, শক্তি ও ভরের সম্পর্ক (E=mc²) সম্পর্কে যুগান্তকারী দৃষ্টিভঙ্গি দেয়।<br/><br/>আইনস্টাইনের তত্ত্ব পরমাণুর শক্তির উৎস ও কোয়ান্টাম বলবিদ্যার ভিত্তি স্থাপন করে, নিউটনের স্থির স্পেস-টাইম ধারণা ভেঙে স্পেস-টাইম ধারাবাহিকতা (Space-Time Continuum)-এর ধারণা দেয়। তাঁর গবেষণার ফলেই আলো বেঁকে যাওয়ার মতো ঘটনা ব্যাখ্যা করা সম্ভব হয়।<br/><br/>তিনি ১৯২১ সালে নোবেল পুরস্কার লাভ করেন ফটোইলেকট্রিক ইফেক্ট-এর সূত্র আবিষ্কারের জন্য। বিজ্ঞান ছাড়াও তিনি শান্তি, মানবতা ও দর্শনের দিকেও সমানভাবে নিবেদিত ছিলেন। এই বইয়ের প্রবন্ধগুলোতে আইনস্টাইন তাঁর জটিল বৈজ্ঞানিক ভাবনাকে সহজভাবে তুলে ধরেছেন—যা বিজ্ঞান ও দর্শন দুই ক্ষেত্রেই গুরুত্বপূর্ণ অবদান রেখেছে।
650 ## - SUBJECT ADDED ENTRY--TOPICAL TERM
Topical term or geographic name entry element বিজ্ঞানভিত্তিক প্রবন্ধ, গবেষণা, জার্নাল ও রেফারেন্স
9 (RLIN) 1653
651 ## - SUBJECT ADDED ENTRY--GEOGRAPHIC NAME
Geographic name Physics – Biography of Einstein
9 (RLIN) 1654
700 ## - ADDED ENTRY--PERSONAL NAME
Personal name ভুইয়া, আমিনুল ইসলাম
Relator term অনুবাদ
9 (RLIN) 1655
942 ## - ADDED ENTRY ELEMENTS (KOHA)
Source of classification or shelving scheme Dewey Decimal Classification
Koha item type Books
Holdings
Withdrawn status Lost status Source of classification or shelving scheme Damaged status Not for loan Collection code Home library Current library Shelving location Date acquired Source of acquisition Total Checkouts Full call number Barcode Date last seen Copy number Price effective from Koha item type
    Dewey Decimal Classification     Reference Caritas Development Institute Library Caritas Development Institute Library New Materials Shelf 25/09/2025 Purchase   530.092 EIA 2024 12337 12/11/2025 1 12/11/2025 Books